[Event "World Rapid 2023"]
[Site "Samarkand UZB"]
[Date "2023.12.26"]
[EventDate "2023.12.26"]
[Round "5.50"]
[Result "1-0"]
[White "Nikolay Averin"]
[Black "Andrey Gorovets"]
[WhiteElo "2246"]
[BlackElo "2481"]
[PlyCount "102"]

1. e4 c5 2. Nf3 Nc6 3. d4 cxd4 4. Nxd4 Nf6 5. Nc3 e5 6. Ndb5 d6 7. Bg5 a6 8. Na3
Be6 9. Nc4 Rb8 10. Bxf6 Qxf6 11. Nb6 Qd8 12. Ncd5 Be7 13. c3 Bg5 14. Bc4 O-O 15.
O-O Kh8 16. a4 f5 17. exf5 Bxf5 18. Bd3 e4 19. Bc2 Bh6 20. Re1 Qh4 21. g3 Qh3
22. Bxe4 Bxe4 23. Rxe4 Rxf2 24. Kxf2 Qxh2+ 25. Kf3 Rf8+ 26. Nf4 Ne5+ 27. Rxe5
Bxf4 28. gxf4 Rxf4+ 29. Ke3 Qf2+ 30. Kd3 dxe5 31. Nd5 Rh4 32. Qe2 Qf5+ 33. Kd2
Re4 34. Qf1 Qg5+ 35. Kd3 Rf4 36. Nxf4 exf4 37. Qf3 Qf5+ 38. Qe4 Qh3+ 39. Kc4
Qc8+ 40. Kb3 Qf8 41. Rd1 h5 42. Rf1 g5 43. Qg6 Qg8+ 44. Qxg8+ Kxg8 45. Kc4 Kf7
46. Kd4 Kf6 47. Ke4 h4 48. a5 Kg6 49. Rh1 Kh5 50. Kf3 Kg6 51. Kg4 1-0

[Event "World Rapid 2023"]
[Site "Samarkand UZB"]
[Date "2023.12.26"]
[EventDate "2023.12.26"]
[Round "5.51"]
[Result "0-1"]
[White "Jakub Seemann"]
[Black "Manuel Petrosyan"]
[WhiteElo "2441"]
[BlackElo "2619"]
[PlyCount "126"]

1. e4 e5 2. Nf3 Nc6 3. Bb5 a6 4. Ba4 Nf6 5. O-O Be7 6. Re1 b5 7. Bb3 O-O 8. a4
b4 9. d4 d6 10. dxe5 Nxe5 11. Nxe5 dxe5 12. Qe2 Bc5 13. Nd2 a5 14. Nc4 Ng4 15.
Ne3 Qh4 16. h3 Nf6 17. Nf5 Bxf5 18. exf5 Bd4 19. Rb1 c5 20. Rf1 Rad8 21. Kh2 h6
22. Bd2 Qe4 23. Rbe1 Qxe2 24. Rxe2 Bxb2 25. Be3 Ne4 26. Bxh6 Nc3 27. Rxe5 gxh6
28. Rxc5 Kg7 29. Rxa5 Ra8 30. Rc5 Nxa4 31. Rb5 Bc3 32. Rd1 Ra7 33. Rd6 Rc8 34.
Rdd5 Rc6 35. g3 Nb6 36. Rdc5 Rxc5 37. Rxc5 Nd7 38. Rb5 Ne5 39. Kg2 Nc6 40. f6+
Bxf6 41. Bd5 Ne7 42. Be4 Bc3 43. g4 Ng6 44. Kg3 Be5+ 45. Kf3 Ra3+ 46. Bd3 Bd6
47. Ke4 Nf4 48. Bc4 Nxh3 49. Rf5 Ng5+ 50. Kd4 Rf3 51. Rxf3 Nxf3+ 52. Ke3 Ne5 53.
Be2 Ng6 54. Ke4 Kf6 55. Bc4 Nf4 56. f3 Ne6 57. Ba2 Ng5+ 58. Ke3 Bc5+ 59. Ke2 Ke5
60. Bb3 f6 61. Ba2 Kd4 62. Bb3 Nh3 63. Kd2 Ng1 0-1

[Event "World Rapid 2023"]
[Site "Samarkand UZB"]
[Date "2023.12.26"]
[EventDate "2023.12.26"]
[Round "5.52"]
[Result "1-0"]
[White "Boris Savchenko"]
[Black "Matvey Galchenko"]
[WhiteElo "2505"]
[BlackElo "2438"]
[PlyCount "102"]

1. e4 e6 2. d4 d5 3. Nc3 Bb4 4. e5 Ne7 5. a3 Bxc3+ 6. bxc3 c5 7. Qg4 cxd4 8. Bd3
Qa5 9. Rb1 Qxc3+ 10. Bd2 Qc7 11. Nf3 Nbc6 12. Qxg7 Rg8 13. Qf6 Ng6 14. O-O Ngxe5
15. Rfe1 Nxd3 16. cxd3 Qe7 17. Qf4 f6 18. Nxd4 e5 19. Nxc6 bxc6 20. Qa4 Bd7 21.
Rb7 Qe6 22. g3 a5 23. Qh4 Qf5 24. d4 Rg4 25. Qh6 Rg6 26. Qe3 e4 27. f3 Rg7 28.
fxe4 dxe4 29. Rf1 Qe6 30. d5 Qxd5 31. Rxf6 Rf7 32. Rxf7 Kxf7 33. Rb1 Kg8 34. Bc3
Rf8 35. Ba1 Rf3 36. Qb6 e3 37. Qb2 Kf7 38. Qg7+ Ke6 39. Qh6+ Ke7 40. Qxh7+ Rf7
41. Qh4+ Kd6 42. Qh6+ Qe6 43. Rd1+ Kc7 44. Qh8 Rf5 45. Bd4 e2 46. Re1 Qe4 47.
Bf2 Rd5 48. Ba7 Rb5 49. Qf8 Rb1 50. Kf2 Rxe1 51. Qb8# 1-0

[Event "World Rapid 2023"]
[Site "Samarkand UZB"]
[Date "2023.12.26"]
[EventDate "2023.12.26"]
[Round "5.53"]
[Result "1/2-1/2"]
[White "Savva Vetokhin"]
[Black "Igor Lysyj"]
[WhiteElo "2396"]
[BlackElo "2589"]
[PlyCount "100"]

1. d4 d5 2. c4 e6 3. Nf3 Nf6 4. Nc3 dxc4 5. e4 Bb4 6. Bxc4 Nxe4 7. O-O Nf6 8.
Qa4+ Nc6 9. Ne5 a5 10. Nxc6 bxc6 11. Qxc6+ Bd7 12. Qf3 O-O 13. Bf4 a4 14. Rac1
Bd6 15. Rfe1 Bc6 16. Qxc6 Bxf4 17. Rcd1 Qd6 18. Qxd6 Bxd6 19. Ne4 Nxe4 20. Rxe4
Rfd8 21. Kf1 g6 22. g3 c6 23. b3 Be7 24. Re3 Bf6 25. Red3 a3 26. Ke2 Rd7 27. Ke3
Be7 28. f4 h5 29. h3 Kg7 30. Ke2 Bb4 31. Ke3 Rad8 32. Ke4 Ba5 33. Ke3 Kf6 34.
Ke4 Rd6 35. Rf1 Kg7 36. Rfd1 Bb6 37. R1d2 f5+ 38. Ke3 Kf6 39. Kf3 Rxd4 40. Rxd4
Bxd4 41. b4 Bb6 42. Rxd8 Bxd8 43. b5 c5 44. h4 Bc7 45. Bb3 e5 46. Bc4 exf4 47.
gxf4 Bd8 48. Kg3 Ke7 49. Bb3 Ba5 50. Bc4 Bd8 1/2-1/2

[Event "World Rapid 2023"]
[Site "Samarkand UZB"]
[Date "2023.12.26"]
[EventDate "2023.12.26"]
[Round "5.54"]
[Result "1/2-1/2"]
[White "Ter-Sahakyan, Samvel"]
[Black "Raymond Song"]
[WhiteElo "2643"]
[BlackElo "2503"]
[PlyCount "40"]

1. d4 Nf6 2. c4 e6 3. Nf3 d5 4. Nc3 Bb4 5. g3 O-O 6. Bg2 dxc4 7. O-O Nc6 8. Re1
Rb8 9. e4 b5 10. Bf4 Be7 11. a3 a6 12. h4 Bb7 13. Qd2 Na5 14. Rad1 Nb3 15. Qc2
h6 16. Be3 Ng4 17. Bf4 Nf6 18. Be3 Ng4 19. Bf4 Nf6 20. Be3 1/2-1/2

[Event "World Rapid 2023"]
[Site "Samarkand UZB"]
[Date "2023.12.26"]
[EventDate "2023.12.26"]
[Round "5.55"]
[Result "1-0"]
[White "Aryan Tari"]
[Black "Ramazan Zhalmakhanov"]
[WhiteElo "2623"]
[BlackElo "2493"]
[PlyCount "80"]

1. e4 c5 2. Nf3 g6 3. c4 Bg7 4. d4 cxd4 5. Nxd4 Nc6 6. Be3 Qb6 7. Nb3 Qd8 8. Qd2
Nf6 9. f3 d6 10. Nc3 O-O 11. Rc1 Be6 12. Nd5 Nd7 13. Be2 a5 14. O-O a4 15. Nd4
Bxd5 16. exd5 Nxd4 17. Bxd4 Qa5 18. Rc3 Rfc8 19. Bxg7 Kxg7 20. Qd4+ Nf6 21. Re3
Rc7 22. f4 b6 23. g4 Qc5 24. Qc3 Qa5 25. Qd4 Qc5 26. Qc3 Qa5 27. Qd3 Re8 28. g5
Nd7 29. Bg4 Qb4 30. Bxd7 Rxd7 31. f5 Qxb2 32. Rb1 Qxa2 33. Re2 Qxb1+ 34. Qxb1
Ra8 35. Rxe7 Rxe7 36. f6+ Kf8 37. fxe7+ Kxe7 38. Qxb6 Kf8 39. Qxd6+ Kg8 40. Qc6 1-0

[Event "World Rapid 2023"]
[Site "Samarkand UZB"]
[Date "2023.12.26"]
[EventDate "2023.12.26"]
[Round "5.56"]
[Result "1-0"]
[White "Mikhail Kobalia"]
[Black "Gabriel Gaehwiler"]
[WhiteElo "2542"]
[BlackElo "2381"]
[PlyCount "102"]

1. e4 c5 2. Nf3 d6 3. Bb5+ Bd7 4. Bxd7+ Nxd7 5. O-O Ngf6 6. Qe2 e6 7. c3 Ne5 8.
d4 Nxf3+ 9. Qxf3 cxd4 10. cxd4 d5 11. e5 Nd7 12. Nc3 Bb4 13. Qg3 g6 14. Bh6 Qb6
15. Rfc1 Bf8 16. Bxf8 Kxf8 17. Qf4 Kg7 18. Na4 Qb5 19. Nc5 Rhc8 20. a4 Qc6 21.
Ne4 dxe4 22. Rxc6 Rxc6 23. h4 h5 24. a5 Rac8 25. Qxe4 R8c7 26. Ra3 b6 27. a6 b5
28. d5 Rc1+ 29. Kh2 R1c4 30. Qe2 exd5 31. e6 Nf6 32. Qe5 Re7 33. g3 Rxe6 34. Qb8
Re7 35. Kg2 Ng4 36. Rf3 Rcc7 37. Qxb5 Rcd7 38. Qc5 d4 39. Rd3 Re2 40. Rxd4 Rde7
41. Rd2 Rxd2 42. Qc3+ Nf6 43. Qxd2 Re6 44. Qd3 Kf8 45. b4 Ne8 46. b5 Ke7 47. Qd5
Rd6 48. Qb7+ Rd7 49. b6 axb6 50. Qxb6 Nc7 51. Qc5+ 1-0

[Event "World Rapid 2023"]
[Site "Samarkand UZB"]
[Date "2023.12.26"]
[EventDate "2023.12.26"]
[Round "5.57"]
[Result "1-0"]
[White "Haowen Xue"]
[Black "Anton Demchenko"]
[WhiteElo "2455"]
[BlackElo "2609"]
[PlyCount "90"]

1. d4 Nf6 2. Nf3 d6 3. c4 Nc6 4. Nc3 e5 5. Bg5 h6 6. Bh4 exd4 7. Nxd4 Nxd4 8.
Qxd4 g5 9. Bg3 Bg7 10. Qd2 Be6 11. e4 Nh5 12. Be2 Nxg3 13. hxg3 c6 14. Rc1 Qa5
15. g4 O-O-O 16. b3 Kb8 17. Rh3 h5 18. Rxh5 Rxh5 19. gxh5 g4 20. h6 Bf6 21. c5
Ka8 22. Nd1 Qxd2+ 23. Kxd2 Bg5+ 24. Ne3 d5 25. exd5 cxd5 26. h7 d4 27. Rh1 dxe3+
28. Ke1 exf2+ 29. Kxf2 Bf6 30. Rh5 Bd4+ 31. Kg3 f5 32. Kf4 Kb8 33. Bc4 Bd7 34.
Bd3 Bc6 35. g3 Bh8 36. Bxf5 Rd4+ 37. Kg5 Bf3 38. Rh6 Kc7 39. Rg6 Be5 40. Re6 Bh8
41. Re7+ Kd8 42. Rf7 Ke8 43. Bg6 Rd5+ 44. Kh6 Bc3 45. Rxf3+ 1-0

[Event "World Rapid 2023"]
[Site "Samarkand UZB"]
[Date "2023.12.26"]
[EventDate "2023.12.26"]
[Round "5.58"]
[Result "1/2-1/2"]
[White "Arystanbek Urazayev"]
[Black "Artem Uskov"]
[WhiteElo "2472"]
[BlackElo "2392"]
[PlyCount "64"]

1. e4 c5 2. Nf3 e6 3. c3 Nf6 4. e5 Nd5 5. a3 Nc6 6. d4 cxd4 7. cxd4 d6 8. Bd3
Be7 9. O-O O-O 10. Qe2 Re8 11. Rd1 b6 12. Nc3 Nxc3 13. bxc3 Bb7 14. exd6 Qxd6
15. c4 Bf6 16. Bb2 Rac8 17. Rac1 Red8 18. Qe3 g6 19. Be4 Na5 20. Bxb7 Nxb7 21.
h4 Qe7 22. h5 Nd6 23. Qe2 Bg7 24. c5 Nf5 25. c6 Qd6 26. Ne5 Qd5 27. c7 Re8 28.
Qc4 Qb7 29. d5 exd5 30. Rxd5 Rxc7 31. Qb5 Rxc1+ 32. Bxc1 Qc8 1/2-1/2

[Event "World Rapid 2023"]
[Site "Samarkand UZB"]
[Date "2023.12.26"]
[EventDate "2023.12.26"]
[Round "5.59"]
[Result "1-0"]
[White "Ernur Amangeldy"]
[Black "Zhamsaran Tsydypov"]
[WhiteElo "2134"]
[BlackElo "2530"]
[PlyCount "92"]

1. d4 Nf6 2. c4 e6 3. Nf3 d5 4. g3 Bb4+ 5. Bd2 Be7 6. Bg2 O-O 7. O-O a5 8. Qc2
Nbd7 9. Bf4 c6 10. h4 Ne4 11. Nbd2 f5 12. Ne5 Ndf6 13. Nxe4 Nxe4 14. f3 Nf6 15.
Nd3 Nh5 16. Be5 Bf6 17. g4 Bxe5 18. Nxe5 Ng3 19. g5 Nxf1 20. Rxf1 dxc4 21. Qxc4
Qd5 22. f4 Qxc4 23. Nxc4 Rd8 24. e3 Bd7 25. Rc1 Be8 26. Kf2 a4 27. a3 Bh5 28.
Ne5 Ra5 29. Ke1 Rb5 30. Nd3 Kf8 31. Rc4 Ra8 32. Rc2 Ke7 33. Nc5 Rb6 34. Kd2 h6
35. Kc1 hxg5 36. hxg5 Bf7 37. Bf1 e5 38. dxe5 Rh8 39. Bd3 Bb3 40. Re2 Rh1+ 41.
Kd2 Bd1 42. Re1 Rxe1 43. Kxe1 Bf3 44. Nxa4 Rb3 45. Kd2 Be4 46. Bc4 1-0

[Event "World Rapid 2023"]
[Site "Samarkand UZB"]
[Date "2023.12.26"]
[EventDate "2023.12.26"]
[Round "5.60"]
[Result "1-0"]
[White "Vladislav Kovalev"]
[Black "Aldiyar Ansat"]
[WhiteElo "2582"]
[BlackElo "2434"]
[PlyCount "134"]

1. e4 c5 2. Nf3 Nc6 3. Nc3 e5 4. Bc4 Be7 5. d3 d6 6. Nd2 Nf6 7. Nf1 Bg4 8. f3
Be6 9. Ne3 O-O 10. a3 a6 11. O-O b5 12. Ba2 Nd4 13. Ncd5 Nxd5 14. Nxd5 Ra7 15.
c3 Nc6 16. Be3 Bg5 17. Bf2 Rb7 18. b4 cxb4 19. axb4 Kh8 20. Qe2 Bc8 21. d4 Be6
22. dxe5 dxe5 23. Bc5 Re8 24. Rfd1 Rd7 25. Nb6 Rd2 26. Rxd2 Qxd2 27. Qxd2 Bxd2
28. Bxe6 fxe6 29. Ra3 Rd8 30. Kf1 h5 31. Ke2 h4 32. Bf2 Bg5 33. Be3 Bxe3 34.
Kxe3 Rd6 35. Nc8 Rd8 36. Nb6 Rd6 37. Nc8 Rd8 38. Nb6 Rd6 39. Nc8 Rd8 40. Nb6 Nb8
41. c4 Rd6 42. Nc8 Rd8 43. cxb5 axb5 44. Ne7 Kh7 45. Ra7 Rd1 46. Rb7 Na6 47.
Rxb5 Kh6 48. Rb6 Nc7 49. Rc6 Rd7 50. Nc8 Kg5 51. Nb6 Re7 52. Rc5 Kf6 53. b5 Ne8
54. Nc4 Rb7 55. b6 Rb8 56. Nxe5 Rb7 57. Nc4 Ke7 58. e5 Kd7 59. Kf4 h3 60. g4 Rb8
61. Kg3 g5 62. Kxh3 Ra8 63. Kg3 Ra1 64. h4 gxh4+ 65. Kxh4 Rf1 66. Kg3 Rb1 67.
Kf4 1-0

[Event "World Rapid 2023"]
[Site "Samarkand UZB"]
[Date "2023.12.26"]
[EventDate "2023.12.26"]
[Round "5.61"]
[Result "0-1"]
[White "Mikhail Markov"]
[Black "Shamsiddin Vokhidov"]
[WhiteElo "2283"]
[BlackElo "2596"]
[PlyCount "68"]

1. c4 e5 2. Nc3 Nf6 3. g3 Bb4 4. Bg2 O-O 5. e4 Bxc3 6. dxc3 d6 7. Ne2 a5 8. h3
a4 9. g4 Be6 10. Qd3 Nfd7 11. Be3 Nc5 12. Bxc5 dxc5 13. Qe3 Nd7 14. Ng3 Bxc4 15.
h4 Ra6 16. g5 Rb6 17. Bh3 Rd6 18. b3 Rd3 19. Qe2 Ba6 20. Qc2 Nb8 21. Nf5 f6 22.
gxf6 Qxf6 23. Bf1 Rd7 24. Bxa6 Nxa6 25. Rg1 Kh8 26. h5 Rfd8 27. Qe2 c6 28. Qg4
Nc7 29. bxa4 Ne6 30. Ne3 Nf4 31. Qf5 Qd6 32. Qg4 Qd2+ 33. Kf1 Qd3+ 34. Ke1 Qxc3+ 0-1

[Event "World Rapid 2023"]
[Site "Samarkand UZB"]
[Date "2023.12.26"]
[EventDate "2023.12.26"]
[Round "5.38"]
[Result "1/2-1/2"]
[White "Mukhammadali Abdurakhmonov"]
[Black "Kacper Piorun"]
[WhiteElo "2409"]
[BlackElo "2593"]
[PlyCount "152"]

1. d4 Nf6 2. Bg5 e6 3. e4 h6 4. Bxf6 Qxf6 5. Nf3 d5 6. Nbd2 Qd8 7. Bd3 Be7 8.
O-O Nd7 9. c3 b6 10. Re1 Bb7 11. Qe2 c5 12. exd5 Bxd5 13. dxc5 Bxc5 14. Be4 Nf6
15. Bxd5 Qxd5 16. Qb5+ Ke7 17. a4 Rhd8 18. Qe2 Kf8 19. h3 Rac8 20. Ne4 Be7 21.
Nxf6 Bxf6 22. Qc2 Qd3 23. Qxd3 Rxd3 24. Kf1 Ke7 25. Ke2 Rd5 26. Red1 Ra5 27. Nd2
Re5+ 28. Kf1 g5 29. Nb3 Rc4 30. Rd3 Ke8 31. Nd2 Rc7 32. Re1 Ra5 33. Re4 Be7 34.
Ke2 Rac5 35. g4 R5c6 36. Rdd4 a6 37. Rc4 b5 38. Rxc6 Rxc6 39. axb5 axb5 40. Kd3
Bd6 41. Nf3 Rb6 42. b4 Kd7 43. Nd4 Bf4 44. Re2 e5 45. Nb3 Rd6+ 46. Ke4 Rd1 47.
Nc5+ Ke7 48. Ra2 Rh1 49. Ra7+ Kf6 50. Ra6+ Kg7 51. Nd3 Bd2 52. Rb6 Rxh3 53. Rxb5
Bxc3 54. Rb7 Rh1 55. b5 Rb1 56. f3 Ra1 57. Kd5 Ra4 58. Nc5 Rd4+ 59. Kc6 Rc4 60.
Kd5 Rd4+ 61. Kc6 Rc4 62. Rd7 Bd4 63. Rd5 h5 64. gxh5 g4 65. fxg4 e4 66. b6 e3
67. b7 e2 68. b8=Q e1=Q 69. h6+ Kh7 70. Qc8 Qe4 71. Qf5+ Qxf5 72. Rxf5 Bxc5 73.
Kb5 Rxg4 74. Rxf7+ Kxh6 75. Kxc5 Rg7 76. Rxg7 Kxg7 1/2-1/2

[Event "World Rapid 2023"]
[Site "Samarkand UZB"]
[Date "2023.12.26"]
[EventDate "2023.12.26"]
[Round "5.63"]
[Result "1/2-1/2"]
[White "Aydin Suleymanli"]
[Black "Daniyal Sapenov"]
[WhiteElo "2609"]
[BlackElo "2350"]
[PlyCount "110"]

1. c4 e5 2. Nc3 Nf6 3. Nf3 e4 4. Ng5 c6 5. Qa4 Qe7 6. Qc2 d5 7. cxd5 Bf5 8. d6
Qxd6 9. f3 Na6 10. Ngxe4 Nxe4 11. Nxe4 Qg6 12. d3 Nb4 13. Qa4 Be7 14. a3 Nd5 15.
g4 Be6 16. Ng3 O-O 17. Qe4 Qf6 18. g5 Qg6 19. Qxg6 hxg6 20. h4 Bc5 21. Bh3 Rfe8
22. Bd2 Bd4 23. O-O-O Ne3 24. Bxe3 Bxe3+ 25. Kc2 Bd5 26. Ne4 c5 27. Bd7 Re5 28.
Bb5 Bd4 29. Bc4 Bc6 30. Rde1 b5 31. Ba2 c4 32. Rh2 Bd5 33. Kb1 cxd3 34. exd3 Rd8
35. f4 Bxa2+ 36. Kxa2 Rf5 37. h5 Rxf4 38. Reh1 gxh5 39. Rxh5 g6 40. R5h3 Bg7 41.
Nf6+ Kf8 42. Re1 Rf2 43. Re5 a6 44. Re4 Rd2 45. Rhe3 Bxf6 46. gxf6 R2xd3 47. Re1
R3d4 48. R4e3 Rd1 49. Rh3 Kg8 50. Re4 R1d4 51. Re1 Rd1 52. Re2 R1d2 53. Re4 R2d4
54. Re2 Rd2 55. Re1 Rd1 1/2-1/2

[Event "World Rapid 2023"]
[Site "Samarkand UZB"]
[Date "2023.12.26"]
[EventDate "2023.12.26"]
[Round "5.64"]
[Result "1-0"]
[White "Dmitry Bocharov"]
[Black "Roman Shogdzhiev"]
[WhiteElo "2518"]
[BlackElo "1901"]
[PlyCount "106"]

1. c4 c6 2. Nf3 d5 3. e3 Nf6 4. Nc3 Nbd7 5. Qc2 e5 6. cxd5 Nxd5 7. a3 Bd6 8. Ne4
Be7 9. Ng3 O-O 10. Be2 Qc7 11. O-O g6 12. b3 Bf6 13. Bb2 Bg7 14. b4 a5 15. b5
cxb5 16. Qxc7 Nxc7 17. Rac1 Ne6 18. Bxb5 f6 19. Rxc8 Raxc8 20. Bxd7 Rfe8 21.
Bxe8 Rxe8 22. Rc1 Rd8 23. d4 exd4 24. Nxd4 Nxd4 25. Bxd4 b5 26. Kf1 Rd7 27. Ne4
Kf7 28. Rc5 b4 29. Rxa5 bxa3 30. Rxa3 h6 31. Ra6 f5 32. Nc5 Re7 33. Bxg7 Kxg7
34. Ne6+ Kf7 35. Nf4 g5 36. Rxh6 Re4 37. Nh3 Kg7 38. Nxg5 Rg4 39. Rh3 Ra4 40. f4
Ra1+ 41. Kf2 Ra2+ 42. Kf3 Ra1 43. Rh7+ Kg6 44. h4 Kf6 45. Rh6+ Kg7 46. Rb6 Ra2
47. h5 Ra8 48. h6+ Kg8 49. Rb7 Rc8 50. Rg7+ Kf8 51. Ne6+ Ke8 52. h7 Rc1 53.
h8=Q# 1-0

[Event "World Rapid 2023"]
[Site "Samarkand UZB"]
[Date "2023.12.26"]
[EventDate "2023.12.26"]
[Round "5.65"]
[Result "1-0"]
[White "Nikita Petrov"]
[Black "Asrorjon Omonov"]
[WhiteElo "2561"]
[BlackElo "2224"]
[PlyCount "134"]

1. d4 Nf6 2. Bg5 Ne4 3. Bf4 c5 4. f3 Qa5+ 5. c3 Nf6 6. d5 Qb6 7. Bc1 e6 8. e4
exd5 9. exd5 Bd6 10. c4 O-O 11. Bd3 Qc7 12. Nc3 a6 13. Bg5 Be5 14. Nge2 b5 15.
f4 Bxc3+ 16. Nxc3 Re8+ 17. Kf2 bxc4 18. Bxf6 Qxf4+ 19. Qf3 Qxf6 20. Qxf6 gxf6
21. Rhe1 Kf8 22. Bxc4 d6 23. Ne4 Rxe4 24. Rxe4 Nd7 25. Rae1 Ne5 26. b3 a5 27. a4
Rb8 28. Rf4 Kg7 29. Re3 Kf8 30. h3 Ke7 31. Rg3 Bd7 32. Ke1 Rb4 33. Re3 f5 34.
Kd2 Kf6 35. Kc3 Rb8 36. Rg3 Ng6 37. Rf2 Ne5 38. Re3 h5 39. Rf4 Rg8 40. Bb5 Bc8
41. Rf2 Bb7 42. Bd3 Bxd5 43. Rxf5+ Ke6 44. g3 Rb8 45. Bc2 c4 46. bxc4 Rc8 47.
Rf4 Rc5 48. Bd1 Kd7 49. Be2 Be6 50. h4 Rc7 51. Ree4 f5 52. Rd4 Kc6 53. Bxh5 Rg7
54. Be2 Rxg3+ 55. Kd2 Kc5 56. h5 Ng4 57. Bxg4 fxg4 58. Rde4 Bd7 59. Rf7 Bc6 60.
Rf5+ Kb4 61. Rd4 Rg2+ 62. Ke3 Bf3 63. c5+ Kc3 64. Rd3+ Kc4 65. Rd2 Rxd2 66. Kxd2
dxc5 67. h6 1-0

[Event "World Rapid 2023"]
[Site "Samarkand UZB"]
[Date "2023.12.26"]
[EventDate "2023.12.26"]
[Round "5.66"]
[Result "1/2-1/2"]
[White "Hans Moke Niemann"]
[Black "Lev Zverev"]
[WhiteElo "2667"]
[BlackElo "2343"]
[PlyCount "176"]

1. e4 e5 2. Nf3 Nc6 3. Bc4 Bc5 4. d3 Nf6 5. O-O d6 6. c3 a6 7. Nbd2 Ba7 8. Re1
O-O 9. Nf1 Na5 10. Bb3 Nxb3 11. axb3 h6 12. h3 Re8 13. Ng3 Be6 14. d4 exd4 15.
Nxd4 Nd7 16. Be3 Bxd4 17. cxd4 d5 18. e5 Rc8 19. Qh5 f6 20. Bxh6 fxe5 21. Bg5
Nf6 22. Bxf6 Qxf6 23. Rxe5 Bf7 24. Qg4 c5 25. Nf5 cxd4 26. Rxe8+ Rxe8 27. Nxd4
Re4 28. Qc8+ Kh7 29. Nf3 Bh5 30. Qc3 Qxc3 31. bxc3 Bxf3 32. gxf3 Re2 33. Rd1 Rb2
34. b4 Rb3 35. Rd3 d4 36. Rxd4 Rxc3 37. Kg2 b5 38. Kg3 Ra3 39. h4 a5 40. bxa5
Rxa5 41. Rd5 Kh6 42. Rd6+ Kh7 43. Rb6 Kg8 44. Kg4 Ra2 45. Kg3 Rb2 46. h5 Kh7 47.
f4 Rb1 48. f5 Rh1 49. Kg4 Rg1+ 50. Kf4 Rh1 51. f6 gxf6 52. Kg4 Rg1+ 53. Kf5 Rg5+
54. Kxf6 Rxh5 55. Rb7+ Kh6 56. Rb8 Kh7 57. f4 Rh6+ 58. Kf7 Rh5 59. Ke6 Rh6+ 60.
Ke7 Rh5 61. Rf8 Rc5 62. f5 Rc7+ 63. Ke6 Rc6+ 64. Ke7 Rc7+ 65. Kf6 Rc6+ 66. Kg5
Kg7 67. Rb8 Kf7 68. Rxb5 Ra6 69. Rb7+ Kf8 70. Rh7 Rb6 71. Ra7 Rc6 72. Kf4 Rb6
73. Ra5 Kf7 74. Ke5 Kf8 75. Rd5 Ke7 76. Rc5 Kf7 77. Rc7+ Kf8 78. Rd7 Ra6 79. Rd1
Ke7 80. Rg1 Ra5+ 81. Kf4 Ra6 82. Rg7+ Kf8 83. Rg6 Rxg6 84. fxg6 Kg7 85. Kg5 Kg8
86. Kf6 Kf8 87. g7+ Kg8 88. Kg6 1/2-1/2

[Event "World Rapid 2023"]
[Site "Samarkand UZB"]
[Date "2023.12.26"]
[EventDate "2023.12.26"]
[Round "5.67"]
[Result "1/2-1/2"]
[White "Grzegorz Nasuta"]
[Black "Surya Shekhar Ganguly"]
[WhiteElo "2579"]
[BlackElo "2578"]
[PlyCount "130"]

1. e4 e5 2. Nf3 Nc6 3. Bc4 Nf6 4. d3 Bc5 5. O-O d6 6. c3 a5 7. Re1 Ba7 8. Nbd2
h6 9. Nf1 Be6 10. Bb5 O-O 11. h3 Ne7 12. Ng3 c6 13. Ba4 Ng6 14. d4 exd4 15. Nxd4
d5 16. e5 Ne4 17. Nxe4 dxe4 18. Rxe4 Bd5 19. Re1 Re8 20. Qh5 Qh4 21. Qxh4 Nxh4
22. Bb3 Bxg2 23. e6 fxe6 24. Bxe6+ Kh8 25. Bf4 Bxd4 26. cxd4 Bd5 27. Bxd5 cxd5
28. Kf1 Nf3 29. Rxe8+ Rxe8 30. Be3 Rc8 31. Ke2 Nh4 32. Kd3 Kg8 33. Bd2 b6 34.
Re1 Kf7 35. Re5 Rd8 36. Re1 Nf5 37. Rc1 Kg6 38. Bf4 Kh5 39. Rc6 Kh4 40. Rxb6
Kxh3 41. Rg6 Rf8 42. Be5 Rf7 43. b3 h5 44. a3 h4 45. b4 axb4 46. axb4 Nh6 47. b5
Rxf2 48. b6 Rb2 49. Bc7 Nf5 50. Rg5 Rb3+ 51. Kd2 Nxd4 52. Rxd5 Ne6 53. Rd6 Nc5
54. Rc6 Rb2+ 55. Ke3 Na4 56. Rg6 Nxb6 57. Bxb6 Rg2 58. Rc6 g5 59. Bd8 Kg4 60.
Rg6 Kh5 61. Rxg5+ Rxg5 62. Bxg5 Kxg5 63. Kf3 h3 64. Kg3 h2 65. Kxh2 1/2-1/2

[Event "World Rapid 2023"]
[Site "Samarkand UZB"]
[Date "2023.12.26"]
[EventDate "2023.12.26"]
[Round "5.68"]
[Result "1-0"]
[White "Gadir Guseinov"]
[Black "Sinisa Drazic"]
[WhiteElo "2636"]
[BlackElo "2264"]
[PlyCount "98"]

1. e4 c6 2. d4 d5 3. Nd2 a6 4. c3 Qb6 5. Bd3 e6 6. Ngf3 Nf6 7. O-O Be7 8. Re1 c5
9. e5 Nfd7 10. Nf1 Nc6 11. Bc2 cxd4 12. cxd4 Nf8 13. h4 h6 14. Ng3 Ng6 15. h5
Nf8 16. a3 Bd7 17. Rb1 Nh7 18. Be3 Na5 19. Nd2 O-O 20. b4 Nc6 21. Nb3 f5 22.
exf6 Nxf6 23. Nc5 Bxc5 24. bxc5 Qc7 25. Qd2 Ng4 26. Qd3 Nf6 27. Rb6 Be8 28. Reb1
Ra7 29. Bd1 Kh8 30. Qd2 Ng8 31. Qb2 Rf7 32. Bg4 Qe7 33. Qd2 Nf6 34. Bd1 Qf8 35.
Be2 Kg8 36. Qd1 Rd7 37. Bd3 Kh8 38. Bc2 Re7 39. Bd3 Qf7 40. Be2 Qf8 41. Qc2 Qf7
42. Qd2 Qf8 43. Bf4 Rd7 44. Bd6 Qg8 45. Qe3 Bf7 46. Be5 Qd8 47. Rxc6 bxc6 48.
Rb8 Rab7 49. Rxd8+ Rxd8 1-0

[Event "World Rapid 2023"]
[Site "Samarkand UZB"]
[Date "2023.12.26"]
[EventDate "2023.12.26"]
[Round "5.69"]
[Result "1-0"]
[White "Ortik Nigmatov"]
[Black "Andrew Hong"]
[WhiteElo "2439"]
[BlackElo "2539"]
[PlyCount "114"]

1. e4 e5 2. Nf3 Nc6 3. Bb5 a6 4. Ba4 Nf6 5. O-O Be7 6. Bxc6 dxc6 7. Qe1 Be6 8.
b3 Qd6 9. Ba3 c5 10. d4 Nd7 11. dxc5 Nxc5 12. Nc3 f6 13. Rd1 Nd3 14. cxd3 Qxa3
15. d4 Bb4 16. dxe5 Qa5 17. Rd3 fxe5 18. Ng5 Bg8 19. Qe3 Qc5 20. Qh3 Qe7 21. Nd5
Bxd5 22. Rxd5 Qxg5 23. f4 Qg6 24. Qd7+ Kf8 25. fxe5+ Kg8 26. Qd8+ Qe8 27. Qxc7
Qe7 28. Qc4 h6 29. Rd7+ Kh7 30. Rxe7 Bxe7 31. h3 Rac8 32. Qe6 Rhe8 33. Qf5+ Kh8
34. Rf3 Bc5+ 35. Kh2 Rc6 36. Qf7 Rxe5 37. Qxb7 Rce6 38. Rf5 Rxf5 39. exf5 Bd6+
40. Kg1 Re7 41. Qc8+ Kh7 42. Qxa6 Bc5+ 43. Kf1 Re4 44. Qg6+ Kh8 45. g3 Re3 46.
Qc6 Bd4 47. Qc4 Be5 48. g4 Rxh3 49. a4 Rc3 50. Qd5 Bf4 51. a5 Rc2 52. a6 Ra2 53.
f6 gxf6 54. Qd8+ Kg7 55. Qe7+ Kg8 56. a7 Be3 57. Qxe3 1-0

[Event "World Rapid 2023"]
[Site "Samarkand UZB"]
[Date "2023.12.26"]
[EventDate "2023.12.26"]
[Round "5.70"]
[Result "0-1"]
[White "Velimir Ivic"]
[Black "Mittal Aditya"]
[WhiteElo "2570"]
[BlackElo "2595"]
[PlyCount "60"]

1. e4 e5 2. Nf3 Nc6 3. Bb5 Nf6 4. d3 Bc5 5. Bxc6 dxc6 6. h3 Qe7 7. Nc3 a5 8. a4
Nd7 9. Ne2 Nf8 10. Ng3 g6 11. O-O Bd7 12. Be3 Bd6 13. d4 f6 14. c3 Ne6 15. Qc2
O-O 16. Rad1 b6 17. Rfe1 c5 18. dxe5 fxe5 19. Nd2 Nf4 20. Nc4 Be6 21. b3 Rad8
22. Rd2 Qh4 23. Nxd6 cxd6 24. c4 Nxg2 25. Kxg2 Bxh3+ 26. Kg1 Rf3 27. Qd1 Rxg3+
28. fxg3 Qxg3+ 29. Kh1 Bg4 30. Rg2 Qh3+ 0-1

[Event "World Rapid 2023"]
[Site "Samarkand UZB"]
[Date "2023.12.26"]
[EventDate "2023.12.26"]
[Round "5.71"]
[Result "1-0"]
[White "Mikhail Bryakin"]
[Black "Jamshid Mustafaev"]
[WhiteElo "2486"]
[BlackElo "2313"]
[PlyCount "54"]

1. d4 Nf6 2. Nc3 e6 3. e4 d5 4. Bg5 dxe4 5. Nxe4 Nbd7 6. Nf3 Be7 7. Nxf6+ Nxf6
8. Bd3 c5 9. dxc5 Qa5+ 10. c3 Qxc5 11. O-O O-O 12. Qe2 Rd8 13. Rad1 Bd7 14. Ne5
Ba4 15. b3 Be8 16. c4 g6 17. Rfe1 Nh5 18. Bxe7 Qxe7 19. Qe3 b6 20. g4 Nf6 21. g5
Nh5 22. h4 Rd6 23. Be2 Rad8 24. Rxd6 Rxd6 25. Ng4 f5 26. Nh6+ Kf8 27. Bxh5 1-0

[Event "World Rapid 2023"]
[Site "Samarkand UZB"]
[Date "2023.12.26"]
[EventDate "2023.12.26"]
[Round "5.72"]
[Result "1/2-1/2"]
[White "Artem Pingin"]
[Black "Rinat Jumabayev"]
[WhiteElo "2419"]
[BlackElo "2598"]
[PlyCount "122"]

1. e4 e6 2. d4 d5 3. Nc3 Nf6 4. Bg5 dxe4 5. Nxe4 Be7 6. Bxf6 Bxf6 7. Nf3 Nd7 8.
Bd3 c5 9. c3 cxd4 10. Nxf6+ Nxf6 11. Nxd4 e5 12. Bb5+ Bd7 13. Bxd7+ Qxd7 14. Nb3
O-O-O 15. Qe2 Rhe8 16. O-O Qd3 17. Rfe1 h5 18. g3 Ng4 19. Nc5 Qxe2 20. Rxe2 Rd5
21. Ne4 Red8 22. h3 Nh6 23. Rae1 f6 24. Kg2 Kc7 25. c4 Rd4 26. b3 Rd1 27. Rxd1
Rxd1 28. Nc3 Rd3 29. Nd5+ Kd6 30. Ne3 a5 31. Rb2 Kc6 32. Kf1 Nf7 33. Nf5 g5 34.
Ne7+ Kc5 35. Ke2 e4 36. Rd2 Kd4 37. Nf5+ Kc3 38. Rd1 Rxd1 39. Kxd1 Kb2 40. c5
Kxa2 41. Nd6 Nd8 42. Kc2 f5 43. Kc3 Kb1 44. Nxf5 Ne6 45. Kc4 Kb2 46. Nd6 Nxc5
47. Kxc5 Kxb3 48. Nxe4 a4 49. Nd2+ Kc3 50. Nc4 g4 51. hxg4 hxg4 52. Kb5 b6 53.
Na3 Kb3 54. Nc4 Kc3 55. Na3 Kd3 56. Kxa4 Ke2 57. Nc4 Kxf2 58. Ne5 Kxg3 59. Kb5
Kf4 60. Nxg4 Kxg4 61. Kxb6 1/2-1/2